| 000 | 00660nam a22002417a 4500 | ||
|---|---|---|---|
| 003 | CHAP | ||
| 005 | 20220329134408.0 | ||
| 008 | 971013s r 00010 d | ||
| 010 | _a19899 | ||
| 011 | _a20871 | ||
| 035 | _a24960 | ||
| 040 | _cCHAP | ||
| 090 | _aR-1457 | ||
| 100 | 0 | 0 |
_aBolay, A. _913488 |
| 245 | _aL'excoriose de la vigne | ||
| 500 | _aSobretiro de : Agriculture romande. Ser. A 7 (4) : 45-50, 1968 | ||
| 590 |
_aBATCH-UPD _b10 _c20130110 _lUCH01 _h1030 |
||
| 590 |
_aCONVERSION _b10 _c20130109 _lUCH01 _h1312 |
||
| 650 | 1 | 4 |
_aVid _xEnfermedades. _9119108 |
| 901 | _aBK | ||
| 942 | _cREIMP | ||
| 949 |
_aR-1457 _bBC _cR _d-57615 _eTS1 _i24960 _si |
||
| 999 |
_c19899 _d19899 |
||